Statistics for Loan Words by Language of Origin

Click here to take the quiz!

General Stats

  • This quiz has been taken 246 times
  • The average score is 11 of 15

Answer Stats

Loan WordLanguage% Correct
rendez-vousFrench
96%
kindergartenGerman
95%
tsunamiJapanese
95%
cappuccinoItalian
94%
blitzGerman
92%
armadilloSpanish
88%
pretzelGerman
87%
plazaSpanish
87%
lacquerFrench
75%
influenzaItalian
68%
bagelYiddish
62%
tycoonJapanese
41%
khanPersian
34%
tariffArabic
32%
coffeeTurkish
29%

Score Distribution

Percentile by Number Answered

Percent of People with Each Score

Your Score History

You have not taken this quiz